[Event "StM 2004"]
[Site "Hartberg"]
[Date "2004.??.??"]
[Round "4.6"]
[White "Schwaninger, Ulrike"]
[Black "Klinger, Michaela"]
[Result "1/2-1/2"]
[WhiteElo "2008"]
[BlackElo "1698"]
[PlyCount "138"]
[EventDate "2004.??.??"]

1. Nf3 d5 2. d4 e6 3. g3 c5 4. c3 Nc6 5. Bg2 Qb6 6. O-O Nf6 7. Qb3 Qxb3 8. axb3
cxd4 9. cxd4 Bd6 10. Nc3 a6 11. Bg5 Ne4 12. Be3 f5 13. Rfd1 O-O 14. Bf4 Be7 15.
Ne5 g5 16. Nxc6 bxc6 17. Be5 Nf6 18. Na4 Nd7 19. Bc7 Ra7 20. Ba5 Rb7 21. Rdc1
Nb8 22. Nb6 Bd7 23. e3 Be8 24. b4 Bd6 25. Bf1 Bh5 26. Kg2 e5 27. dxe5 Bxe5 28.
Na4 Rbf7 29. f4 Bf6 30. Rc2 Re8 31. Bb6 Rb7 32. Bc5 Be7 33. Kf2 g4 34. Ra3 Bf7
35. Bd3 Be6 36. Nb6 Bxc5 37. bxc5 Ra7 38. b4 h5 39. b5 cxb5 40. Bxb5 Ree7 41.
Bd3 a5 42. Bb5 Kf8 43. Rd3 Rab7 44. Ba4 Na6 45. Nxd5 Nb4 46. Nxb4 axb4 47. Bb3
Bxb3 48. Rxb3 Rec7 49. Ke2 Rb5 50. Kd3 Rcxc5 51. Rxc5 Rxc5 52. Rxb4 Kg7 53. e4
fxe4+ 54. Rxe4 Kf6 55. Re2 Ra5 56. Rc2 Ra3+ 57. Kd4 Ra4+ 58. Ke3 Ra3+ 59. Kf2
Rd3 60. Kg2 h4 61. Rc6+ Kf5 62. Rc5+ Kf6 63. gxh4 Rf3 64. h5 Rxf4 65. Kg3 Ra4
66. Kh4 g3+ 67. Kxg3 Kg7 68. h4 Kh6 69. Rg5 Rb4 1/2-1/2

[Event "StM 2004"]
[Site "Hartberg"]
[Date "2004.??.??"]
[Round "4.7"]
[White "Prager, Andrea"]
[Black "Vokroj, Gabriela"]
[Result "0-1"]
[WhiteElo "1454"]
[BlackElo "1732"]
[PlyCount "80"]
[EventDate "2004.??.??"]

1. Nf3 d5 2. g3 c5 3. Bg2 Nc6 4. O-O Nf6 5. d4 e6 6. Bg5 h6 7. Be3 c4 8. b3 b5
9. Nc3 Rb8 10. Bf4 Bd6 11. Bxd6 Qxd6 12. Re1 O-O 13. e4 dxe4 14. Nxe4 Nxe4 15.
Rxe4 Bb7 16. Re2 Rfd8 17. c3 Ne7 18. Ne5 Bxg2 19. Kxg2 f6 20. Nf3 e5 21. Qd2
Qc6 22. Rae1 b4 23. Qc2 bxc3 24. Qxc3 Rxd4 25. Qc2 Nc8 26. Re4 Rxe4 27. Rxe4
Nd6 28. Re3 Rc8 29. Kg1 cxb3 30. Qxb3+ Qc4 31. Qxc4+ Rxc4 32. Ra3 Rc7 33. Ra6
Ne4 34. Ne1 Rd7 35. Nf3 Nc3 36. Ne1 e4 37. Nc2 Rd2 38. Nb4 Nd1 39. Rxa7 Nxf2
40. Nd5 Nh3+ 0-1

[Event "StM 2004"]
[Site "Hartberg"]
[Date "2004.??.??"]
[Round "4.8"]
[White "Beyer, Edith"]
[Black "Mayer, Michaela"]
[Result "0-1"]
[WhiteElo "1436"]
[BlackElo "1501"]
[PlyCount "62"]
[EventDate "2004.??.??"]

1. c4 e5 2. Nc3 Nc6 3. Nf3 Bc5 4. e4 d6 5. Be2 Nge7 6. O-O O-O 7. d3 f5 8. exf5
Nxf5 9. Nd5 Ncd4 10. Nxd4 Nxd4 11. b4 Nxe2+ 12. Qxe2 Bd4 13. Bb2 Bxb2 14. Qxb2
c6 15. Ne3 Qg5 16. Rac1 Rf6 17. b5 Rg6 18. Kh1 Bf5 19. Qc3 Re8 20. Rg1 Bd7 21.
Qb2 Qh5 22. f3 Rh6 23. g4 Qh3 24. Qf2 Rf8 25. Rcf1 Rxf3 26. Qe2 Rxe3 27. Qf2
Rf3 28. Qe2 Rxf1 29. Rxf1 Qxg4 30. Qe3 cxb5 31. cxb5 Bxb5 0-1

[Event "StM 2004"]
[Site "Hartberg"]
[Date "2004.??.??"]
[Round "5.1"]
[White "Horvath, Maria"]
[Black "Mira, Helene"]
[Result "0-1"]
[WhiteElo "2080"]
[BlackElo "2144"]
[PlyCount "68"]
[EventDate "2004.??.??"]

1. d4 d5 2. c4 Nc6 3. e3 e5 4. Nf3 exd4 5. exd4 Bb4+ 6. Nc3 Nf6 7. a3 Bxc3+ 8.
bxc3 O-O 9. Be2 dxc4 10. O-O Nd5 11. Qc2 Nb6 12. a4 Na5 13. Bg5 Qd5 14. Bf4 Bf5
15. Qa2 Rac8 16. Nd2 Rfe8 17. Bf3 Qd7 18. Qa3 Bd3 19. Rfc1 Nd5 20. Bg3 b6 21.
Qb2 Re7 22. Qb5 c6 23. Qb2 Rce8 24. h3 Re6 25. Bg4 f5 26. Bh5 g6 27. Bf3 Be2
28. Be5 Bxf3 29. gxf3 Rxe5 30. dxe5 Rxe5 31. Re1 Qe7 32. Kf1 Nf4 33. Rxe5 Qxe5
34. Re1 Qxe1+ 0-1

[Event "StM 2004"]
[Site "Hartberg"]
[Date "2004.??.??"]
[Round "5.2"]
[White "Nagy, Laura"]
[Black "Klinkan, Elisabeth"]
[Result "0-1"]
[WhiteElo "1716"]
[BlackElo "2004"]
[PlyCount "88"]
[EventDate "2004.??.??"]

1. e4 c5 2. Nf3 Nc6 3. d4 cxd4 4. Nxd4 Nf6 5. Nc3 Qb6 6. Nb3 e6 7. Be3 Qc7 8.
Bd3 a6 9. Na4 b5 10. Nb6 Rb8 11. Nxc8 Rxc8 12. a3 Qe5 13. f4 Qb8 14. O-O d5 15.
e5 Nd7 16. Qg4 g6 17. Rae1 Ne7 18. Nd4 Nc5 19. Nxe6 Nxd3 20. Nxf8 Nxe1 21. Nd7
h5 22. Nf6+ Kf8 23. Qg3 Kg7 24. Qxe1 Rxc2 25. Bd4 Nf5 26. Bc3 Qb6+ 27. Kh1 d4
28. Nd5 Qc6 29. Qe4 dxc3 30. Qxc2 Qxd5 31. Qxc3 Rd8 32. e6+ Qd4 33. Qc7 Qf6 34.
exf7 Rf8 35. Re1 Qxb2 36. Qb6 Nh4 37. Qc6 Rxf7 38. g3 Nf5 39. Qxa6 Ne3 40. Rg1
Ng4 41. Rg2 Qb1+ 42. Rg1 Qe4+ 43. Rg2 Qe1+ 44. Rg1 Qf2 0-1

[Event "StM 2004"]
[Site "Hartberg"]
[Date "2004.??.??"]
[Round "5.3"]
[White "Galambfalvy, Monika"]
[Black "Molnar, Monika"]
[Result "1-0"]
[WhiteElo "1704"]
[BlackElo "1970"]
[PlyCount "103"]
[EventDate "2004.??.??"]

1. e4 d5 2. exd5 Qxd5 3. Nc3 Qa5 4. d4 c6 5. Bc4 Nf6 6. Nge2 Bf5 7. Ng3 Bg6 8.
Bd2 Qd8 9. Be3 e6 10. O-O Bd6 11. f4 Qc7 12. a3 Nbd7 13. b4 Nb6 14. Bb3 Nbd5
15. Nxd5 Nxd5 16. Bxd5 cxd5 17. Rc1 O-O 18. h4 Qc3 19. Rf3 Qxa3 20. f5 Bxg3 21.
fxg6 Bxh4 22. gxh7+ Kh8 23. Bg5 Qxb4 24. Bxh4 b6 25. c3 Qd6 26. Qf1 Qd7 27. Qd3
Rac8 28. Rg3 f5 29. Bg5 Rf7 30. Bf4 b5 31. Rb1 a6 32. Be5 Rc6 33. Qd2 Rb6 34.
Qe2 Rb7 35. Qd3 Rb6 36. Rh3 Rb7 37. Qg3 a5 38. Rh6 a4 39. Qe3 Qc8 40. Rxe6 a3
41. Re8+ Qxe8 42. Bxg7+ Kxg7 43. Qxe8 Kxh7 44. Kf2 Kg6 45. Qc6+ Kg7 46. Qxd5 f4
47. Rh1 Rb6 48. Qh5 Rbf6 49. Qh8+ Kg6 50. Rh6+ Kf5 51. Rxf6+ Rxf6 52. Qa8 1-0

[Event "StM 2004"]
[Site "Hartberg"]
[Date "2004.??.??"]
[Round "5.4"]
[White "Kopinits, Silvia"]
[Black "Hackbarth, Christa"]
[Result "1/2-1/2"]
[WhiteElo "1566"]
[BlackElo "1897"]
[PlyCount "83"]
[EventDate "2004.??.??"]

1. f4 d5 2. e3 Nf6 3. b3 d4 4. Bb2 dxe3 5. dxe3 Qxd1+ 6. Kxd1 Nc6 7. Bd3 e5 8.
fxe5 Ng4 9. Ke2 Ncxe5 10. h3 Nxd3 11. cxd3 Nh6 12. Nf3 f6 13. Nbd2 Nf5 14. Rhc1
Bd6 15. Ne4 Ng3+ 16. Nxg3 Bxg3 17. Ba3 Kf7 18. Bb4 Re8 19. Be1 Bd6 20. a3 b6
21. Kf2 Ba6 22. d4 Rac8 23. b4 c5 24. bxc5 bxc5 25. dxc5 Bxc5 26. Bd2 Re7 27.
Re1 Rb7 28. Rac1 Rbc7 29. Ra1 Bd3 30. Rec1 Re8 31. Re1 Rb7 32. Bb4 Bb6 33. Rad1
Bb5 34. Nd4 Ba4 35. Rd2 a5 36. Bc3 Rbe7 37. Nf5 Rc7 38. Nd6+ Ke7 39. Nxe8 Rxc3
40. Nxg7 Bd7 41. Nh5 Rxa3 42. Nf4 1/2-1/2

[Event "StM 2004"]
[Site "Hartberg"]
[Date "2004.??.??"]
[Round "5.5"]
[White "Vokroj, Gabriela"]
[Black "Schwaninger, Ulrike"]
[Result "1/2-1/2"]
[WhiteElo "1732"]
[BlackElo "2008"]
[PlyCount "57"]
[EventDate "2004.??.??"]

1. e4 g6 2. g3 e5 3. Bg2 Bg7 4. Nf3 Nc6 5. c3 Nge7 6. d4 exd4 7. cxd4 d6 8. Be3
O-O 9. Nc3 h6 10. Qd2 Kh7 11. O-O Bg4 12. Nh4 Qd7 13. f4 Bh3 14. f5 Bxg2 15.
Kxg2 gxf5 16. Nxf5 Nxf5 17. Rxf5 Ne7 18. Rh5 Qg4 19. Rh4 Qg6 20. Rf1 f5 21. Bg5
Ng8 22. Be3 Rae8 23. exf5 Rxf5 24. Rxf5 Qxf5 25. Rf4 Qg6 26. h3 Nf6 27. d5 Ne4
28. Nxe4 Rxe4 29. b3 1/2-1/2

[Event "StM 2004"]
[Site "Hartberg"]
[Date "2004.??.??"]
[Round "5.6"]
[White "Klinger, Michaela"]
[Black "Almert, Margit"]
[Result "1-0"]
[WhiteElo "1698"]
[BlackElo "1548"]
[PlyCount "65"]
[EventDate "2004.??.??"]

1. e4 d5 2. exd5 Qxd5 3. Nc3 Qa5 4. d4 Nf6 5. Bc4 c6 6. Nge2 Bf5 7. O-O e6 8.
Ng3 Bg6 9. Bf4 Nbd7 10. a3 Be7 11. Re1 O-O 12. Bd3 Bxd3 13. Qxd3 Nd5 14. Nxd5
cxd5 15. c3 Nf6 16. Qf3 Qb6 17. Rab1 Rac8 18. Nh5 Nxh5 19. Qxh5 Qd8 20. Re3 Bd6
21. Rh3 f5 22. Qxh7+ Kf7 23. Qh5+ Kg8 24. Bg5 Be7 25. Qh7+ Kf7 26. Bh6 Bf6 27.
Rg3 Rg8 28. Re1 Qf8 29. Qg6+ Ke7 30. Qxf5 Rc6 31. Bg5 Qb8 32. Bxf6+ gxf6 33.
Qh7+ 1-0

[Event "StM 2004"]
[Site "Hartberg"]
[Date "2004.??.??"]
[Round "5.7"]
[White "Mayer, Michaela"]
[Black "Prager, Andrea"]
[Result "1/2-1/2"]
[WhiteElo "1501"]
[BlackElo "1454"]
[PlyCount "33"]
[EventDate "2004.??.??"]

1. d4 d6 2. e4 g6 3. f4 Bg7 4. Nf3 Nf6 5. Nc3 O-O 6. Be2 c5 7. e5 Nfd7 8. exd6
exd6 9. Nb5 Nf6 10. dxc5 d5 11. O-O Nc6 12. Nd6 b6 13. Nxc8 Rxc8 14. cxb6 Qxb6+
15. Kh1 Rcd8 16. c3 Ng4 17. Qe1 1/2-1/2

[Event "StM 2004"]
[Site "Hartberg"]
[Date "2004.??.??"]
[Round "5.8"]
[White "Unger, Eva"]
[Black "Beyer, Edith"]
[Result "1-0"]
[WhiteElo "2061"]
[BlackElo "1436"]
[PlyCount "63"]
[EventDate "2004.??.??"]

1. d4 d5 2. c4 e6 3. e3 Nf6 4. Nc3 c5 5. cxd5 cxd4 6. Qxd4 Nxd5 7. Bd2 a6 8. e4
Nc6 9. Qa4 Nb6 10. Qd1 Bd6 11. Nf3 O-O 12. Be2 Nd4 13. O-O Nxf3+ 14. Bxf3 f5
15. Qc2 f4 16. Ne2 Bd7 17. Rad1 Qf6 18. Bc3 e5 19. Qb3+ Kh8 20. Qxb6 Rad8 21.
Bb4 Bc7 22. Qxc7 Rfe8 23. Rd6 Qg5 24. Rfd1 Bc8 25. Nc3 h6 26. Nd5 Bg4 27. Bxg4
Qxg4 28. f3 Qh4 29. Rd7 Rc8 30. Qa5 Rc2 31. Bd2 Rec8 32. Ne7 1-0

[Event "StM 2004"]
[Site "Hartberg"]
[Date "2004.??.??"]
[Round "6.1"]
[White "Mira, Helene"]
[Black "Galambfalvy, Momika"]
[Result "1-0"]
[WhiteElo "2144"]
[BlackElo "1704"]
[PlyCount "115"]
[EventDate "2004.??.??"]

1. Nf3 Nf6 2. d4 g6 3. e3 Bg7 4. Bd3 d5 5. Nbd2 Bg4 6. h3 Bxf3 7. Nxf3 Ne4 8.
c4 c6 9. cxd5 cxd5 10. Qb3 Qd7 11. Bxe4 dxe4 12. Ng5 O-O 13. Nxe4 b6 14. O-O e6
15. Bd2 Nc6 16. Rac1 Rfd8 17. Rfd1 Rac8 18. Be1 Qb7 19. f3 h6 20. Bg3 Qe7 21.
Qa4 Qb4 22. Qxb4 Nxb4 23. a3 Nd5 24. Bf2 h5 25. Kf1 Bh6 26. Ke2 f5 27. Rxc8
Rxc8 28. Nd6 Rc6 29. Nb7 Bg5 30. h4 Be7 31. e4 fxe4 32. fxe4 Nf6 33. e5 Nd5 34.
Kf3 Kg7 35. Rd2 Rc8 36. Bg3 g5 37. hxg5 Bxg5 38. Re2 Rf8+ 39. Ke4 Rc8 40. Nd6
Rf8 41. Rc2 Kg6 42. a4 h4 43. Rf2 Rxf2 44. Bxf2 a5 45. Kf3 Kh5 46. Ne8 Nf4 47.
Be3 Nd3 48. Ng7+ Kg6 49. Bxg5 Kxg5 50. b3 Ne1+ 51. Kf2 Nd3+ 52. Ke3 Ne1 53.
Nxe6+ Kf5 54. Nf4 Nc2+ 55. Kd3 Ne1+ 56. Kd2 Nxg2 57. Nxg2 h3 58. Ne3+ 1-0

[Event "StM 2004"]
[Site "Hartberg"]
[Date "2004.??.??"]
[Round "6.2"]
[White "Horvath, Maria"]
[Black "Klinkan, Elisabeth"]
[Result "1/2-1/2"]
[WhiteElo "2080"]
[BlackElo "2004"]
[PlyCount "158"]
[EventDate "2004.??.??"]

1. d4 d5 2. c4 c6 3. Nf3 Nf6 4. Nc3 a6 5. e3 b5 6. cxd5 cxd5 7. Bd3 Bg4 8. O-O
e6 9. a3 Be7 10. h3 Bh5 11. e4 dxe4 12. Nxe4 O-O 13. Ng3 Bg6 14. Be2 Nbd7 15.
Nh4 Nd5 16. Nxg6 hxg6 17. Bf3 N7b6 18. Ne4 Rc8 19. Re1 Nc4 20. b3 Nd6 21. Nc5
Nf5 22. b4 Nc3 23. Qb3 Qxd4 24. Bb2 Bxc5 25. bxc5 Rxc5 26. Rad1 Qa4 27. Qxa4
Nxa4 28. Bc1 a5 29. Rd7 Rfc8 30. Bf4 Nb6 31. Ra7 Nc4 32. Rd1 e5 33. Bg5 Nd4 34.
Bb7 Rb8 35. Be4 b4 36. axb4 axb4 37. Be7 Ra5 38. Rc7 Nb2 39. Rb1 Ra2 40. Bd5 b3
41. Bd6 Ne6 42. Bxe6 fxe6 43. Bxe5 Nd3 44. Rxg7+ Kf8 45. Bxb8 Kxg7 46. Rxb3
Nxf2 47. Be5+ Kg8 48. Rb8+ Kf7 49. Rb7+ Ke8 50. Rg7 Nd3 51. Rxg6 Kf7 52. Rg7+
Kf8 53. Rg5 Re2 54. Bc3 Rc2 55. Bg7+ Kf7 56. h4 Rc1+ 57. Kh2 Nf2 58. g3 Ne4 59.
Rg4 Rc2+ 60. Kg1 Rc1+ 61. Kg2 Rc2+ 62. Kf3 Nd2+ 63. Ke3 Nf1+ 64. Kd3 Rd2+ 65.
Kc3 Rc2+ 66. Kxc2 Ne3+ 67. Kd3 Nxg4 68. Bc3 Kg6 69. Ke4 Kh5 70. Be5 Nh6 71. Kf3
Ng4 72. Bd4 Nh6 73. Bf6 Ng4 74. Bg5 Nh2+ 75. Ke4 Ng4 76. Kf4 Nh2 77. Ke5 Nf3+
78. Kf4 Nxg5 79. hxg5 Kg6 1/2-1/2

[Event "StM 2004"]
[Site "Hartberg"]
[Date "2004.??.??"]
[Round "6.3"]
[White "Hackbarth, Christa"]
[Black "Unger, Eva"]
[Result "1-0"]
[WhiteElo "1897"]
[BlackElo "2061"]
[PlyCount "127"]
[EventDate "2004.??.??"]

1. d4 d6 2. Nf3 g6 3. Bf4 Nf6 4. h3 Bg7 5. e3 O-O 6. Be2 Qe8 7. O-O Nbd7 8. c3
e5 9. Bh2 Kh8 10. Re1 Ng8 11. e4 Qe7 12. Qc2 b6 13. Nbd2 Nh6 14. Rad1 Bb7 15.
Bb5 c6 16. Bf1 Rad8 17. Nc4 f6 18. a4 d5 19. Ne3 dxe4 20. Qxe4 f5 21. Qc2 e4
22. Nc4 Nf7 23. Nfd2 Qg5 24. b4 c5 25. Nd6 Ba8 26. dxc5 bxc5 27. N2c4 Nfe5 28.
Nxe5 Bxe5 29. Bxe5+ Nxe5 30. Kh1 Nd3 31. Rxd3 exd3 32. Qxd3 Qf6 33. bxc5 Bc6
34. Qc4 Be4 35. Rd1 Kg7 36. Rd2 Qe5 37. a5 Bc6 38. Re2 Qd5 39. Re7+ Kf6 40.
Qh4+ g5 41. Qxh7 Qg8 42. Rxa7 Qxh7 43. Rxh7 Rd7 44. Rh6+ Ke5 45. Nc4+ Kd5 46.
Nb6+ Kxc5 47. Nxd7+ Bxd7 48. a6 Ra8 49. Rh7 Bc6 50. Rf7 Be4 51. f3 Bc2 52. Rg7
Kb6 53. Rxg5 Rc8 54. Rg6+ Ka7 55. Rg7+ Ka8 56. g4 fxg4 57. fxg4 Be4+ 58. Bg2
Bxg2+ 59. Kxg2 Rxc3 60. Rf7 Ra3 61. Rf6 Ra2+ 62. Kg3 Ra3+ 63. Kh4 Ka7 64. g5
1-0

[Event "StM 2004"]
[Site "Hartberg"]
[Date "2004.07.29"]
[Round "6.5"]
[White "Klinger, Michaela"]
[Black "Vokroj, Gabriela"]
[Result "1-0"]
[WhiteElo "1698"]
[BlackElo "1732"]
[PlyCount "75"]
[EventDate "2004.??.??"]

1. e4 b6 2. d4 Bb7 3. Nc3 e6 4. Nf3 Bb4 5. Bd3 d6 6. O-O Bxc3 7. bxc3 Nd7 8. c4
c5 9. d5 Ngf6 10. Bb2 e5 11. Nh4 g6 12. g3 Qe7 13. Rb1 Bc8 14. Re1 Nh5 15. Bf1
Ndf6 16. h3 Bd7 17. Bc3 h6 18. Qd2 Qf8 19. Qe3 g5 20. Nf5 Bxf5 21. exf5 O-O-O
22. a4 Nd7 23. a5 Kc7 24. Bd2 f6 25. Qb3 Rb8 26. Qb5 Kd8 27. Qa6 Ke7 28. Qxa7
Ra8 29. Qc7 Rc8 30. Qb7 Rb8 31. Qc6 bxa5 32. Bxa5 Rc8 33. Bc7 Ke8 34. Rb8 Rxb8
35. Bxb8 Qe7 36. Bxd6 Qd8 37. Rb1 Kf7 38. Rb7 1-0

[Event "StM 2004"]
[Site "Hartberg"]
[Date "2004.07.29"]
[Round "6.6"]
[White "Mayer, Michaela"]
[Black "Kopinits, Silvia"]
[Result "0-1"]
[WhiteElo "1541"]
[BlackElo "1566"]
[PlyCount "90"]
[EventDate "2004.??.??"]

1. d4 f5 2. g3 d5 3. Bg2 c6 4. Nf3 e6 5. O-O Be7 6. b3 Nf6 7. c4 O-O 8. Ba3 Ne4
9. Bxe7 Qxe7 10. Nbd2 Nd7 11. Ne5 Nxd2 12. Qxd2 Nxe5 13. dxe5 b6 14. Qd3 Bb7
15. f3 Rad8 16. Rad1 dxc4 17. Qxc4 b5 18. Qc2 a5 19. Kh1 c5 20. Rc1 Rc8 21.
Rfd1 c4 22. bxc4 Rxc4 23. Qb2 Rxc1 24. Rxc1 b4 25. Qb3 Bd5 26. Qa4 Qa7 27. Bf1
Qe3 28. Rc7 Qxe5 29. Qd7 Bxa2 30. Ra7 Bd5 31. Qa4 b3 32. Rxa5 b2 33. Rb5 Rb8
34. Rb6 h6 35. Rxb2 Qxb2 36. Kg2 Kh7 37. Qd7 Rb3 38. Kh3 Qf6 39. Kg2 Rb2 40.
Qa4 Rb1 41. Qc2 Rb2 42. Qa4 Qc3 43. Kh3 Qe1 44. Kg2 Bxf3+ 45. Kxf3 Qxf1+ 0-1

[Event "StM 2004"]
[Site "Hartberg"]
[Date "2004.07.29"]
[Round "6.7"]
[White "Schwaninger, Ulrike"]
[Black "Beyer, Edith"]
[Result "1-0"]
[WhiteElo "2008"]
[BlackElo "1436"]
[PlyCount "73"]
[EventDate "2004.??.??"]

1. c4 c6 2. d4 d5 3. Nd2 Nf6 4. Ngf3 e6 5. g3 b6 6. Bg2 Bd6 7. O-O O-O 8. b3
Nbd7 9. Bb2 Bb7 10. Ne5 Qc7 11. Nxd7 Nxd7 12. e4 f6 13. Rc1 c5 14. cxd5 exd5
15. exd5 Qb8 16. Qg4 f5 17. Qe2 f4 18. Qe6+ Kh8 19. Qxd7 Bc8 20. Qa4 b5 21. Qa5
b4 22. Rxc5 Bd7 23. Rfc1 Qe8 24. Nc4 Qe2 25. Bf1 Qf3 26. Nd2 Qh5 27. Ne4 fxg3
28. hxg3 Qf3 29. Bg2 Qe2 30. R5c2 Qh5 31. Nxd6 Rf6 32. Nc8 Rh6 33. Qd8+ Be8 34.
Re1 g5 35. Rxe8+ Kg7 36. Rg8+ Kf7 37. Qf8# 1-0

[Event "StM 2004"]
[Site "Hartberg"]
[Date "2004.07.29"]
[Round "6.8"]
[White "Almert, Margit"]
[Black "Prager, Andrea"]
[Result "1/2-1/2"]
[WhiteElo "1521"]
[BlackElo "1454"]
[PlyCount "21"]
[EventDate "2004.??.??"]

1. e4 Nf6 2. Nc3 d5 3. e5 d4 4. exf6 dxc3 5. fxe7 cxd2+ 6. Qxd2 Qxe7+ 7. Be2
Bg4 8. Qe3 Bxe2 9. Nxe2 Nc6 10. c3 O-O-O 11. O-O 1/2-1/2

[Event "StM 2004"]
[Site "Hartberg"]
[Date "2004.??.??"]
[Round "7.1"]
[White "Kopinits, Sylvia"]
[Black "Mira, Helene"]
[Result "0-1"]
[WhiteElo "1566"]
[BlackElo "2144"]
[PlyCount "90"]
[EventDate "2004.??.??"]

1. d4 d5 2. Nf3 Nf6 3. c3 e6 4. Bf4 Bd6 5. Bxd6 cxd6 6. Nbd2 O-O 7. e3 Nc6 8.
a4 e5 9. dxe5 dxe5 10. Be2 a5 11. O-O Qe7 12. Bb5 e4 13. Nd4 Nxd4 14. cxd4 Bg4
15. Qb3 Rfc8 16. Rac1 Rc7 17. Rc3 Rac8 18. Rfc1 h5 19. Rxc7 Rxc7 20. Rxc7 Qxc7
21. Qc3 Qd8 22. Qc5 b6 23. Qc2 h4 24. Nf1 Bd7 25. Bxd7 Qxd7 26. h3 Ne8 27. b3
f5 28. Nd2 g5 29. Qd1 Nf6 30. Qe2 Qc6 31. Qa6 Kf7 32. Qa7+ Nd7 33. Nf1 Ke6 34.
Qa6 Kd6 35. Qe2 Nf6 36. Qb2 Ke6 37. Qe2 g4 38. hxg4 fxg4 39. g3 h3 40. Qd1 Kf5
41. Nd2 Qc3 42. Nb1 Qd3 43. Qxd3 exd3 44. f3 gxf3 45. Nd2 Kg4 0-1

[Event "StM 2004"]
[Site "Hartberg"]
[Date "2004.??.??"]
[Round "7.2"]
[White "Klinkan, Elisabeth"]
[Black "Klinger, Michaela"]
[Result "1-0"]
[WhiteElo "2004"]
[BlackElo "1698"]
[PlyCount "75"]
[EventDate "2004.??.??"]

1. d4 Nf6 2. c4 e5 3. dxe5 Ng4 4. e6 fxe6 5. e4 Ne5 6. Qh5+ Nf7 7. Nf3 g6 8.
Qh3 Bg7 9. Bd3 Nc6 10. Nbd2 O-O 11. O-O Nfe5 12. Nxe5 Nxe5 13. Bc2 b6 14. f4
Nc6 15. e5 d6 16. Be4 d5 17. Bc2 Qe7 18. Kh1 dxc4 19. Be4 Bb7 20. Nf3 Rad8 21.
Be3 Rfe8 22. Ng5 Bf8 23. Qf3 Qd7 24. Rad1 Bd6 25. Qh3 Re7 26. exd6 cxd6 27. Qh6
Rde8 28. Bf3 Nd8 29. Bxb7 Nxb7 30. Ne4 Rf7 31. Bd4 Ref8 32. Be5 d5 33. Ng5 Re7
34. Rf3 Nd6 35. Nxh7 Rxh7 36. Qxg6+ Rg7 37. Bxg7 Qxg7 38. Qxe6+ 1-0

[Event "StM 2004"]
[Site "Hartberg"]
[Date "2004.??.??"]
[Round "7.3"]
[White "Galambfalvy, Monika"]
[Black "Hackbarth, Christa"]
[Result "0-1"]
[WhiteElo "1704"]
[BlackElo "1897"]
[PlyCount "108"]
[EventDate "2004.??.??"]

1. e4 c6 2. d4 d5 3. e5 Bf5 4. Nf3 e6 5. Be2 Nd7 6. O-O Ne7 7. Nh4 Bg6 8. Nd2
c5 9. c3 Nc6 10. Nxg6 hxg6 11. Nf3 Rc8 12. a3 Qc7 13. Bf4 a6 14. Qd3 Be7 15.
Rac1 Qb8 16. Qd2 b5 17. b4 cxd4 18. cxd4 Nb6 19. Rc3 Nc4 20. Bxc4 bxc4 21. Bg5
a5 22. Bxe7 Nxe7 23. Rb1 axb4 24. Rxb4 Qa7 25. Qb2 Nc6 26. Rb7 Qa4 27. Rc1 O-O
28. Qc3 Rb8 29. Rbb1 Rxb1 30. Rxb1 Ra8 31. h4 Qa7 32. Ra1 Rb8 33. Nd2 Nxd4 34.
Qe3 Rb7 35. Kf1 Nc6 36. Qxa7 Rxa7 37. f4 f6 38. Nf3 Rb7 39. a4 Na5 40. Nd4 Kf7
41. Nb5 Ke7 42. Ke2 Nc6 43. Nd6 Rb2+ 44. Ke3 fxe5 45. fxe5 Nxe5 46. Nb5 Nc6 47.
g4 e5 48. Nc7 Rb3+ 49. Kf2 d4 50. a5 Kd7 51. Nd5 c3 52. a6 Na7 53. Ke2 Kd6 54.
Nxc3 Rxc3 0-1

[Event "StM 2004"]
[Site "Hartberg"]
[Date "2004.07.30"]
[Round "7.4"]
[White "Schwaninger, Ulrike"]
[Black "Horvath, Maria"]
[Result "0-1"]
[WhiteElo "2008"]
[BlackElo "2080"]
[PlyCount "102"]
[EventDate "2004.??.??"]

1. c4 e6 2. Nf3 d5 3. d4 c6 4. e3 Nd7 5. Bd3 Bd6 6. O-O Ngf6 7. Nc3 dxc4 8.
Bxc4 b5 9. Bd3 O-O 10. Qc2 Bb7 11. Ne4 Nxe4 12. Bxe4 h6 13. Bd2 Qe7 14. Rac1
Rac8 15. Rfd1 a6 16. Ne1 Nf6 17. Bf3 c5 18. dxc5 Rxc5 19. Qb1 Bxf3 20. Nxf3 e5
21. Rxc5 Bxc5 22. Bc3 Bd6 23. b3 Re8 24. h3 e4 25. Nd4 Qe5 26. g3 Qh5 27. Kg2
Be5 28. Rf1 Nd5 29. Bb2 Qg6 30. Ne2 Qf6 31. Nd4 Qg6 32. Ne2 Qf5 33. Nd4 Bxd4
34. Bxd4 Qf3+ 35. Kg1 Nb4 36. Qd1 Qf5 37. Qa1 f6 38. Kh2 Rc8 39. Qe1 Nd3 40.
Qe2 Rc6 41. a4 b4 42. Kg2 Qc8 43. Qh5 Qe6 44. g4 Rc8 45. Qa5 Kh7 46. Kg3 Rc2
47. Qf5+ Qxf5 48. gxf5 Kg8 49. f3 exf3 50. Rxf3 Nc1 51. e4 Ne2+ 0-1

[Event "StM 2004"]
[Site "Hartberg"]
[Date "2004.07.30"]
[Round "7.5"]
[White "Vokroj, Gabriela"]
[Black "Molnar, Monika"]
[Result "1-0"]
[WhiteElo "1732"]
[BlackElo "1970"]
[PlyCount "53"]
[EventDate "2004.??.??"]

1. Nf3 Nf6 2. g3 d5 3. Bg2 c5 4. d3 Nc6 5. Nbd2 e5 6. e4 d4 7. O-O Be7 8. Nc4
Qc7 9. a4 a6 10. a5 Rb8 11. Nh4 O-O 12. Nf5 h6 13. g4 Be6 14. b3 Bxc4 15. bxc4
Bd8 16. Bd2 Kh7 17. h4 Ne7 18. g5 Nfg8 19. gxh6 Nxh6 20. Qh5 Neg8 21. Nxh6 Nxh6
22. Bh3 Qd6 23. Kh1 Kg8 24. Rg1 Kh8 25. Rxg7 Kxg7 26. Rg1+ Kh8 27. Bxh6 1-0

[Event "StM 2004"]
[Site "Hartberg"]
[Date "2004.07.30"]
[Round "7.6"]
[White "Beyer, Edith"]
[Black "Nagy, Laura"]
[Result "0-1"]
[WhiteElo "1436"]
[BlackElo "1716"]
[PlyCount "56"]
[EventDate "2004.??.??"]

1. c4 e5 2. Nc3 Nc6 3. d3 Bc5 4. e4 d6 5. Be2 Nge7 6. Nf3 O-O 7. O-O f5 8. exf5
Nxf5 9. Nd5 Ncd4 10. b4 Nxf3+ 11. Bxf3 Bd4 12. Rb1 c6 13. Ne3 Nh4 14. Be4 Qf6
15. Kh1 Be6 16. Ng4 Qe7 17. h3 d5 18. cxd5 cxd5 19. Bf3 Nxf3 20. gxf3 h5 21.
Ne3 Bxh3 22. Rg1 Qh4 23. Rg3 Rad8 24. Qe1 e4 25. Nc4 Bg4+ 26. Kg1 Qxg3+ 27. Kf1
Qxf3 28. Nd2 Qh1# 0-1

[Event "StM 2004"]
[Site "Hartberg"]
[Date "2004.07.30"]
[Round "7.7"]
[White "Prager, Andrea"]
[Black "Unger, Eva"]
[Result "0-1"]
[WhiteElo "1454"]
[BlackElo "2061"]
[PlyCount "74"]
[EventDate "2004.??.??"]

1. Nf3 d6 2. g3 e5 3. Bg2 f5 4. d3 Nf6 5. O-O Be7 6. c4 c6 7. Nc3 O-O 8. b4
Nbd7 9. Qb3 Kh8 10. Ng5 Nb8 11. c5 d5 12. e4 h6 13. Nh3 fxe4 14. dxe4 d4 15.
Na4 b6 16. f4 Nxe4 17. fxe5 bxc5 18. Nf4 Bf5 19. Re1 Ng5 20. bxc5 Qc8 21. h4
Ne6 22. Be4 Nxc5 23. Nxc5 Bxc5 24. e6 Bxe4 25. Rxe4 Re8 26. Kg2 Na6 27. Bb2 Rb8
28. Qc2 Qb7 29. Bxd4 Bxd4 30. Rxd4 c5+ 31. Rd5 Rxe6 32. Rad1 Nb4 33. Qf5 Nxd5
34. Rxd5 Rf6 35. Qd3 Rxf4 36. gxf4 Rd8 37. Qb3 Qxd5+ 0-1

[Event "StM 2004"]
[Site "Hartberg"]
[Date "2004.07.30"]
[Round "7.8"]
[White "Almert, Margit"]
[Black "Mayer, Michaela"]
[Result "1/2-1/2"]
[WhiteElo "1521"]
[BlackElo "1541"]
[PlyCount "26"]
[EventDate "2004.??.??"]

1. e4 e5 2. Nf3 Nc6 3. d4 exd4 4. Nxd4 Bc5 5. Nxc6 Qf6 6. Qf3 dxc6 7. Bc4 Qxf3
8. gxf3 Nf6 9. Bf4 Bb6 10. Nc3 Bd7 11. Na4 Ba5+ 12. c3 Rf8 13. Be5 Ke7 1/2-1/2

[Event "StM 2004"]
[Site "Hartberg"]
[Date "2004.??.??"]
[Round "8.1"]
[White "Mira, Helene"]
[Black "Vokroj, Gabriela"]
[Result "1-0"]
[WhiteElo "2144"]
[BlackElo "1732"]
[PlyCount "27"]
[EventDate "2004.??.??"]

1. Nf3 Nf6 2. c4 c5 3. g3 b6 4. Bg2 Bb7 5. O-O e6 6. Nc3 Be7 7. d4 cxd4 8. Qxd4
Nc6 9. Qd3 d5 10. cxd5 Nb4 11. Qb5+ Kf8 12. dxe6 Bc6 13. Qf5 g6 14. Bh6+ 1-0

[Event "StM 2004"]
[Site "Hartberg"]
[Date "2004.??.??"]
[Round "8.2"]
[White "Hackbarth, Christa"]
[Black "Klinkan, Elisabeth"]
[Result "1-0"]
[WhiteElo "1897"]
[BlackElo "2004"]
[PlyCount "83"]
[EventDate "2004.??.??"]

1. d4 d5 2. Nf3 Bf5 3. Bf4 c6 4. c3 Qb6 5. Qb3 Nd7 6. e3 e6 7. Be2 Ngf6 8. Nbd2
c5 9. c4 Be7 10. O-O O-O 11. Rfe1 cxd4 12. exd4 dxc4 13. Bxc4 Qxb3 14. Bxb3 Nb6
15. Nh4 Bd3 16. Rac1 Nh5 17. Bg3 Nxg3 18. hxg3 Bb4 19. Nhf3 Rad8 20. Rcd1 Bf5
21. Re5 Nd5 22. a3 Ba5 23. Nc4 Bc7 24. Ree1 b5 25. Nce5 a5 26. Nc6 Nf6 27. Nxd8
Bxd8 28. Rc1 a4 29. Bc2 Bxc2 30. Rxc2 Nd5 31. Rc8 b4 32. Rec1 bxa3 33. bxa3 Be7
34. Rxf8+ Bxf8 35. Rc8 f6 36. Nd2 Kf7 37. Nc4 h6 38. Ra8 Nc3 39. Kf1 Nb5 40.
Rxa4 Nxd4 41. Ra7+ Kg6 42. a4 1-0